<?xml version="1.0" encoding="UTF-8"?>
<marc:record xmlns:marc="http://www.loc.gov/MARC21/slim">
   <marc:leader>00000nam a2200000 a 4500</marc:leader>
   <marc:datafield ind1="1" ind2=" " tag="100">
      <marc:subfield code="a">Chamayou, Grégoire</marc:subfield>
      <marc:subfield code="4">aut</marc:subfield>
      <marc:subfield code="e">Verfasser/-in</marc:subfield>
   </marc:datafield>
   <marc:datafield ind1="1" ind2=" " tag="100">
      <marc:subfield code="a">Halfbrodt, Michael</marc:subfield>
      <marc:subfield code="4">trl</marc:subfield>
      <marc:subfield code="e">Übersetzer/-in</marc:subfield>
   </marc:datafield>
   <marc:datafield ind1=" " ind2=" " tag="653">
      <marc:subfield code="a">Geschichte 1970-1980</marc:subfield>
   </marc:datafield>
   <marc:datafield ind1=" " ind2=" " tag="653">
      <marc:subfield code="a">Neoliberalismus</marc:subfield>
   </marc:datafield>
   <marc:datafield ind1=" " ind2=" " tag="653">
      <marc:subfield code="a">Autoritarismus</marc:subfield>
   </marc:datafield>
   <marc:datafield ind1=" " ind2=" " tag="653">
      <marc:subfield code="a">70er Jahre</marc:subfield>
   </marc:datafield>
   <marc:datafield ind1=" " ind2=" " tag="653">
      <marc:subfield code="a">Liberalismus</marc:subfield>
   </marc:datafield>
   <marc:datafield ind1=" " ind2=" " tag="653">
      <marc:subfield code="a">Softcover / Soziologie/Politische Soziologie</marc:subfield>
   </marc:datafield>
   <marc:datafield ind1=" " ind2=" " tag="653">
      <marc:subfield code="a">Neoliberalismus;70er Jahre;Liberalismus;Autoritarismus</marc:subfield>
   </marc:datafield>
   <marc:datafield ind1="0" ind2="0" tag="245">
      <marc:subfield code="a">Die unregierbare Gesellschaft</marc:subfield>
   </marc:datafield>
   <marc:datafield ind1="0" ind2="0" tag="245">
      <marc:subfield code="b">eine Genealogie des autoritären Liberalismus</marc:subfield>
   </marc:datafield>
   <marc:datafield ind1="0" ind2="0" tag="245">
      <marc:subfield code="c">Grégoire Chamayou ; aus dem Französischen von Michael Halfbrodt</marc:subfield>
   </marc:datafield>
   <marc:datafield ind1=" " ind2="1" tag="264">
      <marc:subfield code="a">Berlin</marc:subfield>
      <marc:subfield code="b">Suhrkamp</marc:subfield>
      <marc:subfield code="c">2019</marc:subfield>
   </marc:datafield>
   <marc:datafield ind1=" " ind2=" " tag="250">
      <marc:subfield code="a">Erste Auflage</marc:subfield>
   </marc:datafield>
   <marc:datafield ind1="1" ind2=" " tag="520">
      <marc:subfield code="a">Angaben aus der Verlagsmeldung

Die unregierbare Gesellschaft : Eine Genealogie des autoritären Liberalismus La société ingouvernable. Une généalogie du libéralisme autoritaire / von Grégoire Chamayou

Die 1970er Jahre
wurden von einer gigantischen »Regierbarkeitskrise« erschüttert: Die Wirtschaftswelt hatte mit massiver Disziplinlosigkeit der Arbeiter zu kämpfen, aber auch mit der so genannten »Managerrevolution«, mit bisher beispiellosen ökologischen Massenbewegungen und neuen Sozial- und Umweltvorschriften. Politisch geäußerte Ansprüche immer zahlreicher werdender sozialer Gruppen drohten in den Augen der herrschenden Eliten aus Wirtschaft und Politik die Gesellschaft unregierbar zu machen. Der französische Philosoph Grégoire Chamayou porträtiert in seinem faszinierenden Buch dieses Krisenjahrzehnt als den Geburtsort unserer Gegenwart – als Brutstätte eines autoritären Liberalismus.

Zur Abwehr der Bedrohung wurden in wirtschaftsnahen Kreisen neue Regierungskünste ersonnen, die beispielsweise einen Krieg gegen die Gewerkschaften, den Primat des Shareholder Value sowie eine Entthronung der Politik vorsahen. Der damit seinen Siegeszug antretende Neoliberalismus war jedoch nicht durch eine einfache »Staatsphobie« bestimmt. Die Strategie zur Überwindung der Regierbarkeitskrise bestand vielmehr in einem autoritären Liberalismus, bei dem die Liberalisierung der Gesellschaft eine Vertikalisierung der Macht impliziert: Ein »starker Staat« für eine »freie Wirtschaft« wird zur neuen Zauberformel unserer kapitalistischen Gesellschaften.

</marc:subfield>
   </marc:datafield>
   <marc:datafield ind1=" " ind2=" " tag="020">
      <marc:subfield code="a">9783518587386</marc:subfield>
      <marc:subfield code="9">9783518587386</marc:subfield>
   </marc:datafield>
   <marc:datafield ind1=" " ind2=" " tag="020">
      <marc:subfield code="a">3518587382</marc:subfield>
      <marc:subfield code="9">3518587382</marc:subfield>
   </marc:datafield>
   <marc:datafield ind1=" " ind2=" " tag="041">
      <marc:subfield code="a">ger</marc:subfield>
   </marc:datafield>
   <marc:datafield ind1=" " ind2=" " tag="300">
      <marc:subfield code="a">495 Seiten</marc:subfield>
   </marc:datafield>
</marc:record>
